000 00568nam a2200157 a 4500
001 000027776
005 20200930031104.0
008 110404s2001 dr 000 0 spa d
040 _aDO-SdBNP
_bspa
_cBNPHU
082 _axxxx
_bxxxx
110 1 _aBanco Central de la República Dominicana
_bDepartamento de Cuentas Nacionales y Estadísticas Económicas
_954851
245 1 0 _aEstadísticas turísticas :
_benero-junio 2001.
260 _aSanto Domingo :
_bBanco Central de la República Dominicana,
_c2001.
300 _a98 p. ;
_c29 cm.
590 _aInventariado, 2019/BT
999 _c27268
_d27268